| 000 | 00984cam a22002893a 4500 | ||
|---|---|---|---|
| 001 | 20765 | ||
| 003 | PGUSA | ||
| 005 | 20140828083437.0 | ||
| 008 | 070307s2007||||xxu|||||s|||||000 | eng d | ||
| 040 |
_aPGUSA _beng |
||
| 042 | _adc | ||
| 050 | 4 | _aF001 | |
| 100 | 1 |
_aWinslow, Anna Green, _d1759-1779 |
|
| 245 | 1 | 0 |
_aDiary of Anna Green Winslow, a Boston School Girl of 1771 _h[electronic resource] / _cAnna Green Winslow |
| 260 |
_bProject Gutenberg, _c2007 |
||
| 506 | _aPublic domain in the USA. | ||
| 516 | _aElectronic text | ||
| 653 | _aWinslow, Anna Green, 1759-1779 -- Diaries | ||
| 653 | _aBoston (Mass.) -- History -- Colonial period, ca. 1600-1775 | ||
| 653 | _aGirls -- Massachusetts -- Boston -- Diaries | ||
| 653 | _aBoston (Mass.) -- Social life and customs | ||
| 653 | _aWinslow, Anna Green, 1759-1779 | ||
| 700 | 1 |
_aEarle, Alice Morse, _d1851-1911 |
|
| 830 | 0 |
_aProject Gutenberg _v20765 |
|
| 856 | 4 | 0 | _uhttp://www.gutenberg.org/ebooks/20765 |
| 942 | _cEB | ||
| 999 |
_c250020 _d250020 |
||